000
00252nam a2200097Ia 4500
001
1250609
005
20251031150859.0
008
251031s9999 xx 000 0 und d
245
0
_c
MUSTAFA KUTLU
_a
D-1 YA TAHAMMÜL YA SEFER
260
_b
DERGAH YAYINLARI
999
_c
1250609
_d
1250609